X-radiography of textiles, dress and related objects
Salvato in:
| Autore principale: | |
|---|---|
| Altri autori: | |
| Natura: | Libro |
| Lingua: | inglese |
| Pubblicazione: |
Amsterdam ; London
Butterworth-Heinemann
2007
|
| Edizione: | 1st ed. |
| Soggetti: | |
| Accesso online: | Visualizza in OPAC |
| Tags: |
Nessun Tag, puoi essere il primo ad aggiungerne!!
|
MARC
| LEADER | 00000nam a2200000 a 4500 | ||
|---|---|---|---|
| 005 | 20260127134112.0 | ||
| 008 | 081215 2008 ne 000 0 eng d | ||
| 020 | |a 9780750666329 | ||
| 035 | |a vtls009455264 | ||
| 039 | 9 | |a 201801230905 |b AUTHORITY |c 201108171532 |d msnmk01 |y 200812151109 |z mschk03 | |
| 040 | |a STUSCHK1 |b slo |c STUSCHK1 |e AACR2 | ||
| 080 | |a 7.025.4 | ||
| 100 | 1 | |a O'Connor, Sonia | |
| 245 | 1 | |a X-radiography of textiles, dress and related objects |c Sonia O´Connor, Mary M. Brooks | |
| 250 | |a 1st ed. | ||
| 260 | |a Amsterdam ; |a London |b Butterworth-Heinemann |c 2007 | ||
| 300 | |a xix, 336 p. |b ill. |c 25 cm | ||
| 650 | 0 | |a konzervácia | |
| 650 | 0 | |a odevy | |
| 650 | 0 | |a rentgenografia | |
| 650 | 0 | |a reštaurovanie | |
| 650 | 0 | |a textílie | |
| 700 | 1 | |a Brooks, Mary M. | |
| 910 | |a SCHK95 | ||
| 919 | |a 978-07506-6632-9 (viaz.) | ||
| 999 | |c 4119 |d 4119 | ||